| 000 | 05099 a2200277 4500 | ||
|---|---|---|---|
| 003 | UA-OsUOA | ||
| 005 | 20220413100222.0 | ||
| 008 | 210611b un ||||| |||| 00| 0 ukr d | ||
| 020 | _a9786176734970 | ||
| 040 |
_aUA-OsUOA _bukr _cUA-OsUOA _dUA-OsUOA |
||
| 041 | _aukr | ||
| 080 | _a343.983(075.8) | ||
| 090 |
_a343.983(075.8) _bМ48 |
||
| 100 | _aМельник Р. В. | ||
| 110 | _4Міністерство внутрішніх справ України | ||
| 245 |
_aОсобливості судово-балістичної експертизи об'єктів, перероблених у вогнепальну зброю _bнауково-практичний посібник _cР. В. Мельник |
||
| 260 |
_aКиїв _bЦентр учбової літератури _c2021 |
||
| 300 | _a134 с. | ||
| 505 | 0 | 0 | _aВСТУП . . . . . . . . . . . . . . . . . . . . . . . . . . . . . . . . . . . . . . . . . . . . . . . . 4 РОЗДІЛ 1. НАУКОВІ ПОЛОЖЕННЯ ВИЗНАЧЕННЯ ОБ’ЄКТІВ, ПЕРЕРОБЛЕНИХ У ВОГНЕПАЛЬНУ ЗБРОЮ . . . . . . . . . . 6 1.1. Поняття об’єктів, перероблених у вогнепальну зброю, у судовій балістиці . . . . . . . . . . . . . . . . . . . . . . . . . . . . . . . . . . . . . . . . . 6 1.2. Класифікація об’єктів, перероблених у вогнепальну зброю, у судовій балістиці . . . . . . . . . . . . . . . . . . . . . . . . . . . . . . . . . . 24 РОЗДІЛ 2. СУДОВО-БАЛІСТИЧНА ЕКСПЕРТИЗА ОБ’ЄКТІВ, ПЕРЕРОБЛЕНИХ У ВОГНЕПАЛЬНУ ЗБРОЮ, ТА НАПРЯМИ ЇЇ ВИКОРИСТАННЯ . . . . . . . . . . . . . . . . 40 2.1. Особливості механізму утворення слідів на гільзах і снарядах, стріляних з об’єктів, перероблених у вогнепальну зброю . . . . . . 40 2.2. Криміналістичне дослідження конструктивних особливостей об’єктів, перероблених у вогнепальну зброю . . . . . . . . . . . . . . . 54 2.3. Ідентифікація гільз і снарядів, стріляних з об’єктів, перероблених у вогнепальну зброю . . . . . . . . . . . . . . . . . . . . . . . . . . . . . 67 ВИСНОВКИ . . . . . . . . . . . . . . . . . . . . . . . . . . . . . . . . . . . . . . . . . . . . 81 СПИСОК ВИКОРИСТАНИХ ДЖЕРЕЛ . . . . . . . . . . . . . . . . . . . . . . . . . 82 ДОДАТКИ . . . . . . . . . . . . . . . . . . . . . . . . . . . . . . . . . . . . . . . . . . . . . 97 |
| 520 | _aПропонована читачеві робота присвячена дослідженню теоретичних, методичних і практичних питань, пов’язаних із криміналістичним дослідженням об’єктів, перероблених у вогнепальну зброю. На основі наукових джерел визначено понятійний апарат об’єктів, перероблених у вогнепальну зброю, а також розглянуто питання, що виникають у процесі її сертифікації, і запропоновано класифікацію зазначеної категорії зброї. Досліджено механізм слідоутворення на гільзах і снарядах, зроблено детальний опис об’єктів, що вилучають під час ОМП, запропоновано перелік запитань, які необхідно вирішувати при дослідженні об’єктів, перероблених у вогнепальну зброю. Розглянуто особливості ідентифікації за слідами на стріляних гільзах і снарядах; особливості функціонування балістичного обліку, його переваги та недоліки, шляхи їх усунення. Науково-практичний посібник адресований курсантам, студентам, магістрам, аспірантам, ад’юнктам юридичних навчальних закладів, науково-педагогічним працівникам та працівникам правоохоронних органів. | ||
| 650 |
_2UDC _a343 Кримінальне право |
||
| 710 | 1 | _4Державний науково-дослідний експертно-криміналістичний центр | |
| 942 |
_cBK _2udc |
||
| 955 | _a4 | ||
| 999 |
_c570781 _d570781 |
||